LEADER 01536nam 2200529 450 001 9910460651503321 005 20200520144314.0 010 $a80-246-2617-9 035 $a(CKB)3710000000409614 035 $a(EBL)2057516 035 $a(SSID)ssj0001576990 035 $a(PQKBManifestationID)16247361 035 $a(PQKBTitleCode)TC0001576990 035 $a(PQKBWorkID)14855710 035 $a(PQKB)10862675 035 $a(MiAaPQ)EBC2057516 035 $a(Au-PeEL)EBL2057516 035 $a(CaPaEBR)ebr11062628 035 $a(OCoLC)910815595 035 $a(EXLCZ)993710000000409614 100 $a20150620h20142014 uy 0 101 0 $acze 135 $aur|n|---||||| 181 $ctxt 182 $cc 183 $acr 200 10$aDuchodova? reforma /$fMarek Louzek 210 1$a[Prague, Czech Republic] :$cUniverzita Karlova v Praze, Nakladatelstvi? Karolinum,$d2014. 210 4$d©2014 215 $a1 online resource (100 p.) 300 $aDescription based upon print version of record. 311 $a80-246-2612-8 320 $aIncludes bibliographical references. 606 $aPensions$xFinance 606 $aPension trusts$xManagement 608 $aElectronic books. 615 0$aPensions$xFinance. 615 0$aPension trusts$xManagement. 676 $a331.2524 700 $aLouz?ek$b Marek$0905044 801 0$bMiAaPQ 801 1$bMiAaPQ 801 2$bMiAaPQ 906 $aBOOK 912 $a9910460651503321 996 $aDuchodova? reforma$92165734 997 $aUNINA LEADER 00745oam 2200217z- 450 001 996280861403316 010 $a1-4799-5330-X 035 $a(CKB)3780000000082304 035 $a(EXLCZ)993780000000082304 100 $a20220628c2014uuuu -u- - 101 0 $aeng 200 00$aAsian Language Processing (IALP), 2014 International Conference on 210 $cIEEE 311 $a1-4799-5331-8 517 $a2014 International Conference on Asian Language Processing 517 $a2014 International Conference on Asian Language Processing (IALP) 517 $aAsian Language Processing 906 $aPROCEEDING 912 $a996280861403316 996 $aAsian Language Processing (IALP), 2014 International Conference on$92515235 997 $aUNISA LEADER 04022nam0 22006851i 450 001 UON00003975 005 20231205101902.201 010 $a01-972800-6-4 100 $a20020107d1986 |0itac50 ba 101 $aeng 102 $aGB 105 $a|||| 1|||| 200 1 $aPots & Pans$eA Colloquium on Precious Metals and Ceramics in the Muslim, Chine se and Graeco-Roman Worlds, Oxford 1985$fed. by Michael Vickers 210 $aOxford$cOxford University Press$d1986 215 $a223 p.$cill.$d24 cm 311 $app. 107-116$9UON00003983 311 $app. 9-30$9UON00003977 311 $app. 179-204$9UON00003989 311 $app. 213-216$9UON00003991 311 $a117-136$9UON00003984 311 $app.205-212$9UON00003990 311 $app. 153-160$9UON00003986 311 $app. 161-174$9UON00003987 311 $app. 217-223$9UON00003992 311 $app. 137-152$9UON00003985 311 $app. 89-106$9UON00003982 311 $app. 83-88$9UON00003981 311 $app. 57-70$9UON00003979 311 $app: 71-82$9UON00003980 311 $app. 175-178$9UON00003988 311 $app. 31-57$9UON00003978 410 1$1001UON00003976$12001 $aOxford Studies in Islamic Art$v3 464 0$1001UON00003983$12001 $aˆThe ‰Attitude towards Gold and Silver in Early Islam$fG.H.A. Juynboll$vpp. 107-116 464 0$1001UON00003977$12001 $aClassical Greek Fictile Imitations of Precious Metal Veses$fDavid W.J. Gill$vpp. 9-30 464 0$1001UON00003989$12001 $aLooking for Silver in Clay: A New Perspective on Samanid Ceramics$fJulian Raby$vpp. 179-204 464 0$1001UON00003991$12001 $aNotes on the Colloquium on Ceramics and Metetalware, Oxford, March 198$fAlan Caiger-Smith$vpp. 213-216 464 0$1001UON00003984$12001 $aPlate and its Substitutes in Ottoman Inventories$fMichael Rogers$v117-136 464 0$1001UON00003990$12001 $aPottery and metal shapes in Persia in the 12th and 13th Centuries$fOliver Watson$vpp.205-212 464 0$1001UON00003986$12001 $aPottery and Precious Metals in the Roman World$fMichael Fulford$vpp. 153-160 464 0$1001UON00003987$12001 $aPrecious Metal-Its Influence on Tang Earthnware$fW. Watson$vpp. 161-174 464 0$1001UON00003992$12001 $aPuritanism and Positivism$fJulian Raby & Michael Vickers$vpp. 217-223 464 0$1001UON00003985$12001 $aSilver, Copper and Ceramics in Ancient Athens$fMichael Vickers$vpp. 137-152 464 0$1001UON00003982$12001 $aSilver in islamic Iran: The Evidence from Literature and Epigraphy$fAssadullah Souren Melikian-Chirvani$vpp. 89-106 464 0$1001UON00003981$12001 $aSome Literary Evidence for Gold and Silver Vessels in the Ming Period (1368-1644)$fCraig Clunas$vpp. 83-88 464 0$1001UON00003979$12001 $aˆThe ‰Survival of Precious and Base Metal Objects from the Medieval Islamic World$fJ.W. Allan$vpp. 57-70 464 0$1001UON00003980$12001 $aTemple Inventories in ancient Greece$fD.M. Lewis$vpp: 71-82 464 0$1001UON00003988$12001 $aTenth Century Yue Ware and silver and Gold$fMary Tregear$vpp. 175-178 464 0$1001UON00003978$12001 $aTombs or Hoards: The Survival of Chinese Silver of the Tang and Song Periods, Seventh to Thirteenth Centuries A.D. / Jessica Rawson$vpp. 31-57 606 $aCERAMICA$xCINA$xSTORIA$3UONC000037$2FI 606 $aMETALLI ISLAMICI$3UONC001193$2FI 606 $aMETALLI$xCINA$3UONC001194$2FI 606 $aCERAMICA ISLAMICA$3UONC001195$2FI 686 $aGEN E IX$cGENERALE - CONGRESSI - ARTI$2A 702 1$aVICKERS$bMichael$3UONV003431 801 $aIT$bSOL$c20240220$gRICA 912 $aUON00003975 950 $aSIBA - SISTEMA BIBLIOTECARIO DI ATENEO$dSI DOPPI 464 $eSI SA 70313 7 950 $aSIBA - SISTEMA BIBLIOTECARIO DI ATENEO$dSI GEN E IX 007 $eSI SA 57613 5 007 996 $aPOTS & pans$9479852 997 $aUNIOR